Normal view MARC view

Entry Personal Name

Number of records used in: 2

001 - CONTROL NUMBER

  • control field: 150

003 - CONTROL NUMBER IDENTIFIER

  • control field: DLC

005 - DATE AND TIME OF LATEST TRANSACTION

  • control field: 20191116093912.0

008 - FIXED-LENGTH DATA ELEMENTS

  • fixed length control field: 810902n| azannaabn |a aaa

010 ## - LIBRARY OF CONGRESS CONTROL NUMBER

  • LC control number: n 81070906

035 ## - SYSTEM CONTROL NUMBER

  • System control number: (OCoLC)oca00616221

040 ## - CATALOGING SOURCE

  • Original cataloging agency: DLC
  • Language of cataloging: eng
  • Transcribing agency: DLC
  • Modifying agency: DLC
  • Modifying agency: OCoLC
  • Modifying agency: DLC
  • Description conventions: rda

046 ## - SPECIAL CODED DATES

  • Birth date: 1916
  • Death date: 19900223

053 #0 - LC CLASSIFICATION NUMBER

  • Classification number element--single number or beginning number of span: PK2098.N23

100 1# - HEADING--PERSONAL NAME

  • Personal name: Nāgara, Amr̥talāla,
  • Dates associated with a name: 1916-1990

375 ## - GENDER

  • Gender: male

377 ## - ASSOCIATED LANGUAGE

  • Language code: hin

400 0# - SEE FROM TRACING--PERSONAL NAME

  • Personal name: Amr̥talāla Nāgara,
  • Dates associated with a name: 1916-1990

400 1# - SEE FROM TRACING--PERSONAL NAME

  • Personal name: Nagar, Amritlal,
  • Dates associated with a name: 1916-1990

400 0# - SEE FROM TRACING--PERSONAL NAME

  • Personal name: Amritlal Nagar,
  • Dates associated with a name: 1916-1990

400 1# - SEE FROM TRACING--PERSONAL NAME

  • Personal name: Nagar, Amrit Lal,
  • Dates associated with a name: 1916-1990

400 0# - SEE FROM TRACING--PERSONAL NAME

  • Personal name: Amrit Lal Nagar,
  • Dates associated with a name: 1916-1990

400 1# - SEE FROM TRACING--PERSONAL NAME

  • Personal name: Nagar, Amratlal,
  • Dates associated with a name: 1916-1990

670 ## - SOURCE DATA FOUND

  • Source citation: Author's Pīpala kī parī, 1963.

670 ## - SOURCE DATA FOUND

  • Source citation: His Amr̥talāla Nāgara racanāvalī, 1991:
  • Information found: jkt. (d. 2/23/1990)

670 ## - SOURCE DATA FOUND

  • Source citation: Dasa pratinidhi kahāniyām̐, 1993-<2005>:
  • Information found: v. 38, t.p. (Amr̥talāla Nāgara) t.p. verso (Amritlal Nagar)

670 ## - SOURCE DATA FOUND

  • Source citation: Amr̥talāla Nāgara kā kathetara sāhitya, 2011:
  • Information found: t.p. verso (Amratlal Nagar)

Powered by Koha